| 000 | 00699cam a22001934a 4500 | ||
|---|---|---|---|
| 020 | _a9780896296619 (alk. paper) | ||
| 020 | _a089629661X (alk. paper) | ||
| 040 | _cDLC | ||
| 082 | 0 | 0 | _a338 INT 2009 C152 Or. |
| 245 | 0 | 0 |
_aMillions fed : _bproven successes in agricultural development / |
| 260 |
_aWashington, D.C. : _bInternational Food Policy Research Institute, _cc2009. |
||
| 300 |
_aviii, 165 p. : _bill. (chiefly col.), col. maps ; _c26 cm. |
||
| 650 | 0 | _aAgricultural development projects | |
| 650 | 0 | _aAgriculture and state | |
| 700 | 1 | _aSpielman, David J. | |
| 700 | 1 | _aPandya-Lorch, Rajul. | |
| 856 | 4 | 1 | _uhttp://www.ifpri.org/sites/default/files/publications/oc64.pdf |
| 942 | _cAEDBB | ||
| 999 |
_c18786 _d18786 |
||